Microsoft office 365 Office 2016 (Record no. 18528)

MARC details
000 -LEADER
fixed length control field 00392nam a22001577a 4500
005 - DATE AND TIME OF LATEST TRANSACTION
control field 20230525133636.0
008 - FIXED-LENGTH DATA ELEMENTS--GENERAL INFORMATION
fixed length control field 230525b |||||||| |||| 00| 0 eng d
020 ## - INTERNATIONAL STANDARD BOOK NUMBER
ISBN 9781305870017
082 ## - DEWEY DECIMAL CLASSIFICATION NUMBER
Classification number 005.4
Item number CAS-M
100 ## - MAIN ENTRY--AUTHOR
Author Name Cashman,Shelly
245 ## - TITLE STATEMENT
Title Microsoft office 365 Office 2016
260 ## - PUBLICATION, DISTRIBUTION, ETC.
Place of Publication USA
Name of publisher, distributor, etc. Cengage Learning
Date of publication, distribution, etc. 2017
300 ## - PHYSICAL DESCRIPTION
Pages 530
650 ## - SUBJECT ADDED ENTRY--TOPICAL TERM
Subject / Department Computer Science

No items available.

Powered by Koha